[Event "IRT Antonio de Padua - ALEX 2016"]
[Site "Rio de Janeiro, RJ - Brazil"]
[Date "2016.10.23"]
[Round "3"]
[White "Silva, Joao Paulo Gomes"]
[Black "Lisboa Torres, Eduardo"]
[Result "0-1"]
[WhiteElo "1598"]
[BlackElo "1893"]
[EventRounds "6"]
[EventCountry "BRA"]

1.Nf3 d5 2.c4 c6 3.g3 Bf5 4.cxd5 cxd5 5.Bg2 Nc6 6.d4 e6 7.O-O Bd6 8.Nc3 Rc8
9.e4 dxe4 10.Nh4 Be7 11.Nxf5 exf5 12.d5 Ne5 13.Kh1 Nf6 14.f3 Nxf3 15.Bxf3 exf3
16.Qxf3 g6 17.Bh6 Ng4 18.Bg7 Rg8 19.Bd4 b6 20.Nb5 Qd7 21.Nc3 Kf8 22.h3 Bf6
23.Bxf6 Nxf6 24.Rad1 Kg7 25.g4 h6 26.gxf5 g5 27.d6 Rgd8 28.Nd5 Qxd6 29.Nxf6
Qxf6 30.Rxd8 Rxd8 31.h4 Rd4 32.hxg5 Rh4+ 33.Kg2 Qxg5+ {#R} 0-1

[Event "IRT Antonio de Padua - ALEX 2016"]
[Site "Rio de Janeiro, RJ - Brazil"]
[Date "2016.10.23"]
[Round "3"]
[White "Pinon, Antonio Marcos"]
[Black "Rios, Hilton"]
[Result "0-1"]
[WhiteElo "1625"]
[BlackElo "2176"]
[EventRounds "6"]
[EventCountry "BRA"]

1. d4 d5 2. Bf4 c5 3. e3 Nf6 4. Nd2 e6 5. c3 Bd6 6. Bxd6 Qxd6 7. f4 O-O 8. Bd3
cxd4 9. cxd4 b6 10. Ngf3 Ba6 11. Qe2 Bxd3 12. Qxd3 Nc6 13. Ne5 Nb4 14. Qb3
Rac8 15. O-O Rc7 16. Rac1 Rfc8 17. Rxc7 Rxc7 18. a3 Nc6 19. Rf3 Na5 20. Qd1
Qd8 21. h3 Qc8 22. Nd3 Ne4 23. Kh2 Qa6 24. Nxe4 dxe4 25. Nb4 Qb5 26. Rg3 Nc4
27. Qe2 a5 28. Rg5 f5 29. b3 Nxa3 30. Qxb5 Nxb5 31. Na6 Ra7 32. Nb8 h6 33. Rg3
Rc7 34. h4 Nc3 35. Rg6 Kf7 36. h5 Nd5 {#R} 0-1

[Event "IRT Antonio de Padua - ALEX 2016"]
[Site "Rio de Janeiro, RJ - Brazil"]
[Date "2016.10.23"]
[Round "3"]
[White "Gomes, Pedro Pessoa"]
[Black "Saraiva, Alexandre Pacheco"]
[Result "0-1"]
[WhiteElo "1621"]
[BlackElo "1847"]
[EventRounds "6"]
[EventCountry "BRA"]

1. Nf3 c5 2. g3 Nf6 3. Bg2 d5 4. O-O e6 5. d4 Nc6 6. c3 h6 7. Nbd2 Be7 8. dxc5
Bxc5 9. Nb3 Be7 10. Nbd4 Bd7 11. Qb3 Na5 12. Qc2 O-O 13. Rd1 Rc8 14. Ne5 Qe8
15. Nxd7 Qxd7 16. Bh3 Rfd8 17. e4 Nxe4 18. Nxe6 Rc4 19. Nf4 Qc6 20. Be3 d4 21.
Bxd4 Rdxd4 22. Rxd4 Rxd4 23. Bg2 f5 24. Re1 Bf6 25. Bxe4 Rxe4 26. Rd1 b5 27.
Qd2 Nc4 28. Qd5+ Qxd5 29. Rxd5 a6 30. b3 Ne5 31. Rd6 Nf3+ 32. Kg2 Ne1+ 33. Kf1
Bxc3 34. Nd5 b4 35. Rxa6 Nd3 36. Ne3 f4 37. Nf5 Re1+ 38. Kg2 Re2 {#R} 0-1

[Event "IRT Antonio de Padua - ALEX 2016"]
[Site "Rio de Janeiro, RJ - Brazil"]
[Date "2016.10.23"]
[Round "3"]
[White "Luz da Costa, Carlos Henrique"]
[Black "Rodriguez, Ricardo Tuttle"]
[Result "1/2-1/2"]
[WhiteElo "1544"]
[BlackElo "1812"]
[EventRounds "6"]
[EventCountry "BRA"]

1. d4 Nf6 2. Nf3 g6 3. Bf4 Bg7 4. e3 O-O 5. Be2 b6 6. Nbd2 Bb7 7. c3 d6 8. O-O
Nbd7 9. h3 Re8 10. a4 c5 11. a5 cxd4 12. cxd4 e5 13. dxe5 dxe5 14. Bh2 bxa5
15. Nc4 e4 16. Nd4 Bd5 17. Qa4 Nb6 18. Qb5 Nxc4 19. Bxc4 Bxc4 20. Qxc4 Qb6 21.
Qa4 Re7 22. b3 Rb7 23. Rfc1 Nd7 24. Rc6 Qb4 25. Bd6 Qd2 26. Rc2 Qd3 27. Rac1
Bxd4 28. exd4 Qxb3 29. Rc8+ Rxc8 30. Rxc8+ Kg7 31. Qxa5 Qd1+ 32. Kh2 Qxd4 33.
Bf4 Qxf2 34. Qg5 Rb2 35. Qh6+ Kf6 36. Qg5+ Kg7 37. Qh6+ Kf6 38. Qg5+ Kg7 39.
Qh6+ Kf6 {#d} 1/2-1/2

[Event "IRT Antonio de Padua - ALEX 2016"]
[Site "Rio de Janeiro, RJ - Brazil"]
[Date "2016.10.23"]
[Round "3"]
[White "Da Luz, Luiz Alberto"]
[Black "Rovedo, Salomao"]
[Result "1-0"]
[WhiteElo "1410"]
[BlackElo "1681"]
[EventRounds "6"]
[EventCountry "BRA"]

1. d4 Nf6 2. c4 c5 3. Nc3 cxd4 4. Qxd4 Nc6 5. Qd1 e5 6. a3 Bc5 7. e3 d6 8. b4
Bb6 9. Be2 O-O 10. h3 Bf5 11. Nd5 h6 12. Nf3 e4 13. Nxb6 axb6 14. Nd4 Bg6 15.
Bb2 Ne5 16. O-O Qe7 17. Bc1 Rfd8 18. f4 exf3 19. Nxf3 Rac8 20. Qd4 Ne4 21. Kh2
Qc7 22. Bb2 f6 23. Rac1 Nxc4 {#r} 1-0

[Event "IRT Antonio de Padua - ALEX 2016"]
[Site "Rio de Janeiro, RJ - Brazil"]
[Date "2016.10.23"]
[Round "4"]
[White "Ramos, Angelo Bil"]
[Black "Parente, Renan Braz"]
[Result "0-1"]
[WhiteElo "2006"]
[BlackElo "2126"]
[EventRounds "6"]
[EventCountry "BRA"]

1. e4 c5 2. Nf3 g6 3. c4 Nc6 4. d4 cxd4 5. Nxd4 Nf6 6. Nc3 d6 7. Be2 Nxd4 8.
Qxd4 Bg7 9. O-O O-O 10. f3 Be6 11. Qd2 Rc8 12. b3 b5 13. Bb2 bxc4 14. Nd5 Bxd5
15. exd5 c3 16. Bxc3 Ne4 17. fxe4 Bxc3 18. Qe3 Bxa1 19. Rxa1 Qb6 20. Qxb6 axb6
21. Bc4 Kg7 22. Rf1 f5 23. exf5 Rxf5 24. Re1 Re5 25. Rxe5 dxe5 26. a4 Kf6 27.
Kf2 e4 28. Ke2 Ke5 29. Ke3 g5 30. h3 h6 31. g3 Rf8 32. Be2 Kxd5 33. Bc4+ Ke5
34. Be2 Rc8 35. Bc4 Rc5 36. h4 Rc7 37. h5 Rc5 38. g4 Rc7 39. Kd2 Kd4 40. Be6
e3+ 41. Kd1 Rc3 42. Bf7 e5 {#R} 0-1

[Event "IRT Antonio de Padua - ALEX 2016"]
[Site "Rio de Janeiro, RJ - Brazil"]
[Date "2016.10.23"]
[Round "4"]
[White "Khaje Hesamedini, Ali"]
[Black "Baeta, Marcio Netto"]
[Result "1-0"]
[WhiteElo "2268"]
[BlackElo "1971"]
[EventRounds "6"]
[EventCountry "BRA"]

1. d4 d5 2. c4 e6 3. Nf3 Nf6 4. g3 Be7 5. Bg2 O-O 6. O-O c6 7. Qc2 Nbd7 8.
Nbd2 Re8 9. e4 dxe4 10. Nxe4 Nxe4 11. Qxe4 c5 12. Rd1 Nf6 13. Qc2 cxd4 14.
Nxd4 Qb6 15. Nf3 Bd7 16. Ne5 Rad8 17. Be3 Bc5 18. Bxc5 Qxc5 19. Nxd7 Rxd7 20.
Rxd7 Nxd7 21. Bxb7 Rb8 22. Bg2 Qe5 23. Rd1 Nf6 24. b4 g6 25. Qd2 Rc8 26. c5 a5
27. a3 h5 28. h4 axb4 29. axb4 Kf8 30. Rc1 Ke7 31. Qc2 Qb8 32. Qc4 Nd5 33.
Bxd5 exd5 34. Qxd5 Qxb4 35. Qe5+ Kd7 36. Rd1+ Kc6 37. Qd6+ {#r} 1-0

[Event "IRT Antonio de Padua - ALEX 2016"]
[Site "Rio de Janeiro, RJ - Brazil"]
[Date "2016.10.23"]
[Round "4"]
[White "Fucs, Paulo Moses"]
[Black "Santos Filho, Tadeu Sousa"]
[Result "1-0"]
[WhiteElo "2044"]
[BlackElo "2043"]
[EventRounds "6"]
[EventCountry "BRA"]

1. c4 e6 2. Nf3 d5 3. g3 Nf6 4. b3 d4 5. Bg2 c5 6. O-O Nc6 7. d3 Be7 8. e4
dxe3 9. fxe3 Ng4 10. a3 Bf6 11. Ra2 O-O 12. h3 Nge5 13. Nxe5 Bxe5 14. Bb2 Qg5
15. Rf3 Bxb2 16. Rxb2 Ne5 17. Rf4 Qxg3 18. Qe2 Rd8 19. Rd2 Bd7 20. d4 Ng6 21.
Rg4 Qc7 22. dxc5 e5 23. Rg5 Qxc5 24. Rg3 Bc6 25. b4 Rxd2 26. Nxd2 Qd6 27. c5
Qd7 28. Bxc6 Qxc6 29. Qf3 Qxf3 30. Rxf3 Rd8 31. Nc4 f6 32. Rf2 Kf8 33. Rc2 Rd7
34. Nd6 Ne7 35. Kf2 a6 36. a4 b6 37. cxb6 Rxd6 38. Rc8+ Nxc8 39. b7 Nb6 40.
b8=Q+ Ke7 41. Qa7+ Nd7 42. a5 f5 43. Qb7 g6 44. b5 axb5 45. a6 Rb6 46. Qc8 b4
47. a7 b3 48. a8=Q b2 49. Qa3+ Kf6 50. Qd8+ Kg7 51. Qae7+ Kh6 52. Qh4+ {#r}
1-0

[Event "IRT Antonio de Padua - ALEX 2016"]
[Site "Rio de Janeiro, RJ - Brazil"]
[Date "2016.10.23"]
[Round "4"]
[White "Rodrigues, Nei Jorge"]
[Black "Okamura, Milton Kasuo"]
[Result "1/2-1/2"]
[WhiteElo "2036"]
[BlackElo "2004"]
[EventRounds "6"]
[EventCountry "BRA"]

1. d4 d5 2. Nf3 Nf6 3. e3 c6 4. c4 Bf5 5. Nc3 e6 6. Nh4 Bg4 7. Qb3 Qc7 8. h3
Bh5 9. g4 Bg6 10. Nxg6 hxg6 11. Bg2 Nbd7 12. f4 Be7 13. cxd5 exd5 14. Bd2 Nb6
15. Rc1 Qd7 16. g5 Nh5 17. O-O Nc4 18. Qc2 Ng3 19. Rf3 Nf5 20. b3 Nxd2 21.
Qxd2 Nh4 22. Rg3 Nxg2 23. Kxg2 O-O-O 24. Nd1 f6 25. gxf6 gxf6 26. Qd3 Rh6 27.
Nf2 f5 28. Rh1 Rdh8 29. Rf3 Rh5 30. Qf1 Qe6 31. Nd3 Qe4 32. Ne5 g5 33. Qd3 Bf6
34. Qxe4 dxe4 35. Rg3 Bxe5 36. fxe5 Kd7 37. a4 Ke6 38. a5 a6 39. Rc1 R8h6 40.
Rg1 f4 41. exf4 gxf4 42. Rg4 f3+ 43. Kf2 Kd5 44. Ke3 Rxh3 45. Re1 Rh2 46. Rg8
f2 47. Rd8+ Ke6 48. Rf1 Ke7 49. Rg8 R6h3+ 50. Kxe4 Rxb3 51. Rg7+ Kf8 52. Rg4
Rb5 53. Rf4+ Ke7 54. R1xf2 Rxf2 55. Rxf2 Rxa5 56. Rh2 Rb5 57. Kf5 Rd5 58. Rh7+
Kd8 59. Rxb7 Rxd4 60. e6 Rd1 61. Kf6 Rf1+ 62. Ke5 Re1+ 63. Kd6 Rd1+ 64. Kxc6
Rc1+ 65. Kd6 Rd1+ 66. Kc5 Ke8 67. Ra7 Ra1 68. Kd6 Rd1+ 69. Ke5 Re1+ 70. Kd6
Rd1+ {#d} 1/2-1/2

[Event "IRT Antonio de Padua - ALEX 2016"]
[Site "Rio de Janeiro, RJ - Brazil"]
[Date "2016.10.23"]
[Round "4"]
[White "Ribeiro Junior, Sairo Jose Mallet"]
[Black "Salles, Marvio Darilho"]
[Result "1-0"]
[WhiteElo "1805"]
[BlackElo "2063"]
[EventRounds "6"]
[EventCountry "BRA"]

1. e4 e5 2. Nf3 Nc6 3. g3 Bc5 4. d3 d6 5. Bg2 Nf6 6. O-O O-O 7. h3 Bb6 8. Be3
d5 9. exd5 Nxd5 10. Bxb6 Nxb6 11. Nbd2 Bf5 12. Nh4 Be6 13. Re1 Qd7 14. Kh2 Nd5
15. Ne4 Qe7 16. Qh5 Nf6 17. Nxf6+ Qxf6 18. Nf3 Bf5 19. Re3 Bg6 20. Qg4 e4 21.
dxe4 Qxb2 22. Rae1 Qxa2 23. h4 Qe6 24. Qf4 f6 25. Qxc7 Rf7 26. Qf4 Ne5 27. Bh3
Qb6 28. R1e2 Re8 29. Rb3 Qa6 30. Bf1 Bh5 31. Re1 Qa5 32. Nd2 Rd8 33. c3 Rxd2
34. Reb1 Qa2 35. Kg1 b6 36. Bh3 Nf3+ 37. Kg2 Rxf2+ 38. Kh1 Rh2# { As negras
perderam a partida porque seu celular tocou antes do tÃ©rmino da mesma.} 1-0

[Event "IRT Antonio de Padua - ALEX 2016"]
[Site "Rio de Janeiro, RJ - Brazil"]
[Date "2016.10.23"]
[Round "4"]
[White "Simoes, Leo Ramos"]
[Black "Oliveira da Silva, Claudio"]
[Result "1-0"]
[WhiteElo "2010"]
[BlackElo "1841"]
[EventRounds "6"]
[EventCountry "BRA"]

1. e4 c6 2. d4 d5 3. Nc3 dxe4 4. Nxe4 Bf5 5. Ng3 Bg6 6. h4 h6 7. Nh3 Nf6 8.
Nf4 Bh7 9. Bc4 e6 10. Qe2 Be7 11. Bxe6 O-O 12. Bb3 Bd6 13. Be3 Bxf4 14. Bxf4
Qxd4 15. Be5 Qd8 16. Bxf6 Qxf6 17. O-O-O Na6 18. Nh5 Qg6 19. Rd4 Rae8 20. Qd1
Re5 21. g4 Nc5 22. Bc4 b5 23. f4 Re4 24. Rd6 Qxd6 25. Bxf7+ Rxf7 26. Qxd6 Rc4
27. f5 Nd7 28. Nf4 Nf8 29. Re1 g5 30. hxg5 hxg5 31. Ng6 Bxg6 32. fxg6 Rf2 33.
c3 Rxg4 34. Qxc6 a6 35. Qd5+ Kg7 36. Re7+ Kxg6 37. Qg8+ Kh6 38. Qg7+ Kh5 39.
Qh8+ Kg6 40. Rg7+ {#r} 1-0

[Event "IRT Antonio de Padua - ALEX 2016"]
[Site "Rio de Janeiro, RJ - Brazil"]
[Date "2016.10.23"]
[Round "4"]
[White "Petrenko, Willy"]
[Black "Mesquita, Arnaldo Leite"]
[Result "1-0"]
[WhiteElo "1913"]
[BlackElo "1725"]
[EventRounds "6"]
[EventCountry "BRA"]

1. e4 d6 2. d4 Nf6 3. Nc3 g6 4. Nf3 Bg7 5. h3 O-O 6. Be3 c6 7. Bd3 Nbd7 8. O-O
Qc7 9. Qd2 Re8 10. Bh6 Bh8 11. Bc4 Nb6 12. Bb3 e5 13. Ng5 d5 14. dxe5 Qxe5 15.
f4 Nxe4 16. Ncxe4 Qxb2 17. Kh1 f6 18. Nd6 Re7 19. Rae1 Rxe1 20. Qxe1 {#r} 1-0

[Event "IRT Antonio de Padua - ALEX 2016"]
[Site "Rio de Janeiro, RJ - Brazil"]
[Date "2016.10.23"]
[Round "4"]
[White "Zacarias, Rodrigo Medeiros"]
[Black "Lisboa Torres, Eduardo"]
[Result "1/2-1/2"]
[WhiteElo "2112"]
[BlackElo "1893"]
[EventRounds "6"]
[EventCountry "BRA"]

1. e4 c5 2. Nf3 d6 3. d4 cxd4 4. Nxd4 Nf6 5. Nc3 g6 6. Be3 Bg7 7. f3 O-O 8.
Qd2 Nc6 9. Bc4 Bd7 10. O-O-O Rc8 11. Bb3 Nxd4 12. Bxd4 b5 13. Bxa7 Qa5 14. Bd4
b4 15. Nd5 Nxd5 16. exd5 Ba4 17. Qe3 Rc3 18. bxc3 Bxb3 19. cxb3 bxc3 20. Bxg7
Qa3+ 21. Kc2 Qxa2+ 22. Kxc3 Rc8+ 23. Kd4 Qb2+ 24. Kd3 Qc2+ 25. Kd4 Qc5+ 26.
Kd3 Qc2+ 27. Kd4 {#d} 1/2-1/2

[Event "IRT Antonio de Padua - ALEX 2016"]
[Site "Rio de Janeiro, RJ - Brazil"]
[Date "2016.10.23"]
[Round "4"]
[White "Pereira, Marcos Luciano"]
[Black "De Deus Filho, Joaquim"]
[Result "0-1"]
[WhiteElo "1750"]
[BlackElo "1954"]
[EventRounds "6"]
[EventCountry "BRA"]

1. d4 e6 2. Nf3 f5 3. Nbd2 Nf6 4. b3 Bb4 5. Bb2 Ne4 6. a3 Bc3 7. Qc1 O-O 8. e3
b6 9. Bd3 Bb7 10. O-O Nxd2 11. Nxd2 Bxb2 12. Qxb2 Qg5 13. g3 Rf6 14. f4 Qh5
15. Rf2 Rg6 16. Nf1 Qh3 17. Qc3 Nc6 18. b4 Rc8 19. a4 Ne7 20. a5 Nd5 21. Qd2
Nf6 22. axb6 axb6 23. Ra7 Ba8 24. Qc3 c5 25. Qa3 Bc6 26. b5 Be4 27. Qa6 Rb8
28. Bxe4 Nxe4 29. Rg2 cxd4 30. exd4 Rf6 31. Rxd7 Qg4 32. Qa7 Rff8 33. Rb7 Ra8
34. Qxb6 Ra1 35. Qxe6+ Kh8 36. Qc4 Qd1 37. Qd3 Qe1 38. h4 h6 39. b6 Rfa8 40.
Ra7 R8xa7 41. bxa7 Rxa7 42. c4 Qa1 43. Kh2 Ra3 44. Qe2 Qxd4 45. Qb2 Rc3 46.
Nd2 Nf6 47. Qb8+ Kh7 48. Qb1 Ng4+ 49. Kh3 Qxf4 50. Qe1 Qd4 51. h5 Ne3 52. Re2
Qg4+ 53. Kh2 Qxh5+ 54. Kg1 Rc1 55. Rxe3 Rxe1+ 56. Rxe1 Qg5 57. Nf1 f4 58. Kf2
Qc5+ 59. Kf3 fxg3 60. Nxg3 Qxc4 61. Re4 Qd5 62. Kf4 h5 63. Nf5 g5+ {#R} 0-1

[Event "IRT Antonio de Padua - ALEX 2016"]
[Site "Rio de Janeiro, RJ - Brazil"]
[Date "2016.10.23"]
[Round "4"]
[White "Almeida, Gianluca Jorio"]
[Black "Garcia Perez, Bruno"]
[Result "1-0"]
[WhiteElo "1925"]
[BlackElo "1812"]
[EventRounds "6"]
[EventCountry "BRA"]

1. c4 Nf6 2. Nc3 b6 3. d4 e6 4. e4 Bb4 5. Bd3 Bb7 6. Qc2 Bxc3+ 7. bxc3 d6 8.
Ne2 Nbd7 9. a4 a5 10. Ba3 e5 11. Rb1 Ba6 12. O-O O-O 13. Ng3 Ng4 14. Qe2 Qh4
15. h3 Nh6 16. Bc1 g6 17. Nh5 gxh5 18. Bxh6 Rfe8 19. Qf3 Re6 20. Be3 Rg6 21.
Kh2 Nf6 22. g3 Ng4+ 23. Qxg4 hxg4 24. gxh4 gxh3 25. Kxh3 Bc8+ 26. Kh2 Bg4 27.
f3 Bh5 28. Rb2 Kh8 29. Rg2 Rag8 30. Rxg6 Rxg6 31. Be2 f6 32. Rg1 c5 33. Rxg6
Bxg6 34. Kg3 Be8 35. Bd1 Bf7 36. d5 h5 37. f4 Kg7 38. fxe5 dxe5 39. d6 Be8 40.
Bxh5 Bc6 41. Bg4 {#r} 1-0

[Event "IRT Antonio de Padua - ALEX 2016"]
[Site "Rio de Janeiro, RJ - Brazil"]
[Date "2016.10.23"]
[Round "4"]
[White "Goncalves, Luiz Oswaldo Cifuentes"]
[Black "Lima, Juarez"]
[Result "0-1"]
[WhiteElo "1826"]
[BlackElo "1875"]
[EventRounds "6"]
[EventCountry "BRA"]

1. e4 e5 2. Nf3 Nc6 3. Bb5 Bc5 4. c3 Nge7 5. O-O O-O 6. Nxe5 Bxf2+ 7. Rxf2
Nxe5 8. d4 N5g6 9. Bc4 d5 10. exd5 Nxd5 11. Qf3 c6 12. Na3 Be6 13. Bd3 Qd7 14.
h3 Rfe8 15. Nc2 b5 16. Bd2 Nf6 17. Bg5 Bd5 18. Qd1 Ne4 19. Bxe4 Rxe4 20. Qd2
Rae8 21. Raf1 f6 22. Bf4 Bxa2 23. Nb4 Bc4 24. Nd3 Qe7 25. Bg3 Re3 26. Rf3 Bxd3
27. R1f2 a5 28. Kh2 a4 29. h4 h5 30. Bf4 Rxf3 31. Rxf3 Be4 32. Re3 {#R} 0-1

[Event "IRT Antonio de Padua - ALEX 2016"]
[Site "Rio de Janeiro, RJ - Brazil"]
[Date "2016.10.23"]
[Round "4"]
[White "Rios, Hilton"]
[Black "Weibull, Oscar"]
[Result "1/2-1/2"]
[WhiteElo "2176"]
[BlackElo "1435"]
[EventRounds "6"]
[EventCountry "BRA"]

1. d4 Nf6 2. c4 d5 3. cxd5 Nxd5 4. Nf3 Bf5 5. Nc3 Nxc3 6. bxc3 e6 7. e3 c5 8.
Bb5+ Nc6 9. Qa4 Qb6 10. Ne5 Rc8 11. Ba3 a6 12. Bxc6+ bxc6 13. O-O cxd4 14.
Bxf8 Rxf8 15. cxd4 Qb5 16. Qa3 f6 17. Nf3 c5 18. dxc5 Rxc5 19. Nd4 Qa5 20. Qb3
Kf7 21. e4 Rc3 22. Nc6 Rxc6 23. exf5 Rb6 24. fxe6+ Rxe6 25. Rae1 Re8 26. Rxe6
Rxe6 27. Rd1 Qb5 28. Qh3 Qe2 29. Qb3 Kg6 {#d} 1/2-1/2

[Event "IRT Antonio de Padua - ALEX 2016"]
[Site "Rio de Janeiro, RJ - Brazil"]
[Date "2016.10.23"]
[Round "4"]
[White "Manzi, Luiz Antonio Bardaro"]
[Black "Da Luz, Luiz Alberto"]
[Result "1-0"]
[WhiteElo "2051"]
[BlackElo "1410"]
[EventRounds "6"]
[EventCountry "BRA"]

1. e4 c6 2. d4 d5 3. Nc3 dxe4 4. Nxe4 Bf5 5. Ng3 Bg6 6. Nf3 Nd7 7. h4 h6 8. h5
Bh7 9. Bd3 Bxd3 10. Qxd3 Ngf6 11. Bd2 e6 12. O-O-O Qc7 13. Kb1 a5 14. c4 Bb4
15. Bc1 a4 16. a3 Be7 17. Ne2 Rd8 18. Qc2 Ra8 19. Nc3 Qa5 20. Bd2 Qa6 21. Ne5
Nxe5 22. dxe5 Ng4 23. Rde1 Nxf2 24. Rhf1 Bc5 25. Be3 Bxe3 26. Rxe3 Ng4 27. Re4
Nxe5 28. Rxe5 Qxc4 29. Rfe1 O-O 30. R5e4 Qc5 31. g4 b5 32. Re5 Qd6 33. g5 hxg5
34. Rxg5 b4 35. Reg1 f5 36. Rxg7+ Kh8 37. Qg2 Qe5 38. Rh7+ {#r} 1-0

[Event "IRT Antonio de Padua - ALEX 2016"]
[Site "Rio de Janeiro, RJ - Brazil"]
[Date "2016.10.23"]
[Round "4"]
[White "Rodrigues, Flavio Jose"]
[Black "Pinon, Antonio Marcos"]
[Result "1-0"]
[WhiteElo "1802"]
[BlackElo "1625"]
[EventRounds "6"]
[EventCountry "BRA"]

1. e4 Nc6 2. d4 e5 3. Nf3 exd4 4. Nxd4 Nf6 5. Nc3 Bc5 6. Nb3 Bb4 7. Bd3 Bxc3+
8. bxc3 O-O 9. O-O d6 10. Bg5 h6 11. Bh4 Ne5 12. Nd4 Ng6 13. Bg3 a5 14. Rb1
Qd7 15. f3 Nh5 16. Bf2 Nhf4 17. Ne2 Qe7 18. Nxf4 Nxf4 19. Be3 Qg5 20. Qd2 Nh3+
21. Kh1 Qh5 22. gxh3 Bxh3 23. Rf2 b6 24. Rg1 f5 25. Bxh6 Rf7 26. Bc4 Rf8 27.
Rxg7+ Kh8 28. Bxf7 Rxf7 29. Rxf7 Qxf7 30. Qg5 fxe4 31. fxe4 Bg2+ 32. Kxg2 {#r}
1-0

[Event "IRT Antonio de Padua - ALEX 2016"]
[Site "Rio de Janeiro, RJ - Brazil"]
[Date "2016.10.23"]
[Round "4"]
[White "Rovedo, Salomao"]
[Black "Luz da Costa, Carlos Henrique"]
[Result "0-1"]
[WhiteElo "1681"]
[BlackElo "1544"]
[EventRounds "6"]
[EventCountry "BRA"]

1. d4 d6 2. e4 Nd7 3. c4 c5 4. Nf3 g6 5. Be2 Bg7 6. O-O cxd4 7. Nxd4 Ngf6 8.
Nc3 O-O 9. Kh1 Nc5 10. f3 Ne6 11. Nb3 b6 12. Nd5 Bb7 13. Rb1 Rc8 14. Be3 Nd7
15. Nd4 Ndc5 16. b4 Nxd4 17. bxc5 Nxe2 18. Qxe2 dxc5 19. Rfd1 Qe8 20. Bf2 e6
21. Nf4 Qe7 22. Bg3 Rfd8 23. Nh3 Rxd1+ 24. Rxd1 Rd8 25. e5 Rd7 26. Rd6 Rxd6
27. exd6 Qd7 28. Nf2 Bf8 29. Qd1 f6 30. Ne4 Kf7 31. Nxf6 Kxf6 32. Qa1+ Kf7 33.
Qe5 Bxd6 34. Qxd6 Qxd6 35. Bxd6 {#R} 0-1

[Event "IRT Memorial Antonio de Padua - ALEX 2016"]
[Site "Rio de Janeiro | BRA"]
[Date "2016.10.29"]
[Round "5.1"]
[White "Parente, Renan Braz"]
[Black "Fucs, Paulo Moses"]
[Result "1-0"]
[WhiteElo "2126"]
[BlackElo "2044"]

1. e4 c5 2. Nc3 d6 3. f4 Nc6 4. Nf3 g6 5. Bb5 Bg7 6. O-O Nh6 7. d3 O-O 8. Bxc6
bxc6 9. Qe1 Rb8 10. f5 Ng4 11. Qh4 h5 12. Bg5 Bf6 13. Rab1 Kg7 14. h3 Ne5 15.
Nxe5 dxe5 16. Ne2 Qd6 17. b3 gxf5 18. exf5 Rh8 19. Kh1 Rb4 20. Qg3 Kf8 21. c4
Rb8 22. Nc3 Rg8 23. Bh6+ Bg7 24. Bxg7+ Rxg7 25. Qf3 Bd7 26. Ne4 Qd4 27. Qxh5
f6 28. Rf3 Kg8 29. Rg3 Be8 30. Rxg7+ Kxg7 31. Qg4+ Kf8 32. Rf1 Bf7 33. Qh4
Qxd3 34. Rf3 Qd1+ 35. Kh2 Bxc4 36. Nc3 Qc1 37. bxc4 Qg5 38. Qxg5 fxg5 39. Ne4
g4 40. hxg4 Rb4 41. Rc3 Ra4 42. a3 Ra5 43. Kg3 {#r} 1-0

[Event "IRT Memorial Antonio de Padua - ALEX 2016"]
[Site "Rio de Janeiro | BRA"]
[Date "2016.10.29"]
[Round "5.2"]
[White "Simoes, Leo Ramos"]
[Black "Khaje Hesamedini, Ali"]
[Result "0-1"]
[WhiteElo "2010"]
[BlackElo "2268"]

1. e4 c5 2. Nf3 e6 3. d4 cxd4 4. Nxd4 a6 5. c4 Nf6 6. Bd3 Qc7 7. O-O b6 8. Nc3
Bb7 9. Qe2 d6 10. Be3 Nbd7 11. f3 Be7 12. Rac1 O-O 13. Nd1 Rac8 14. Nf2 Rfe8
15. Nh3 Qb8 16. Qf2 d5 17. exd5 exd5 18. Nf5 Bc5 19. Rfe1 Ne5 20. Bb1 dxc4 21.
Bxc5 Rxc5 22. Nf4 Nxf3+ 23. Kh1 Qxf4 24. Rxe8+ Nxe8 {#R} 0-1

[Event "IRT Memorial Antonio de Padua - ALEX 2016"]
[Site "Rio de Janeiro | BRA"]
[Date "2016.10.29"]
[Round "5.3"]
[White "Baeta, Marcio Netto"]
[Black "Ramos, Angelo Bil"]
[Result "1-0"]
[WhiteElo "1971"]
[BlackElo "2006"]

1. e4 e5 2. f4 d5 3. exd5 exf4 4. Nf3 Nf6 5. c4 c6 6. dxc6 Nxc6 7. d4 Bb4+ 8.
Bd2 O-O 9. d5 Bxd2+ 10. Qxd2 Re8+ 11. Be2 Ne5 12. Nxe5 Rxe5 13. O-O Qb6+ 14.
Kh1 Bd7 15. Nc3 g5 16. a3 Rae8 17. b4 Qe3 18. Rad1 Qxd2 19. Rxd2 Re3 20. Rc1
Ne4 21. Nxe4 R8xe4 22. Bf1 Kf8 23. Kg1 a6 24. c5 Rxa3 25. c6 bxc6 26. dxc6 Bc8
27. Rd8+ Re8 28. c7 Ke7 29. Rcd1 Rb3 30. Rxe8+ Kxe8 31. Rd8+ Ke7 32. Rxc8 Kd7
33. Bxa6 Ra3 34. b5 Ra2 35. b6 {#r} 1-0

[Event "IRT Memorial Antonio de Padua - ALEX 2016"]
[Site "Rio de Janeiro | BRA"]
[Date "2016.10.29"]
[Round "5.4"]
[White "Okamura, Milton Kasuo"]
[Black "Petrenko, Willy"]
[Result "1-0"]
[WhiteElo "2004"]
[BlackElo "1913"]

1. d4 Nf6 2. c4 e6 3. Nc3 Bb4 4. e3 c5 5. Ne2 Ne4 6. a3 Qf6 7. f3 Nxc3 8. Nxc3
Bxc3+ 9. bxc3 Nc6 10. Qc2 cxd4 11. cxd4 O-O 12. Bd3 h6 13. Rb1 b6 14. O-O Bb7
15. Bd2 d6 16. a4 Qe7 17. Bc3 Rab8 18. Qd2 d5 19. cxd5 exd5 20. e4 Rfd8 21. e5
f6 22. f4 fxe5 23. fxe5 Rf8 24. Rf4 Rxf4 25. Qxf4 Rf8 26. Qg4 Qg5 27. Qxg5
hxg5 28. a5 Rf4 29. axb6 a6 30. Rf1 Kf7 31. g3 Rxf1+ 32. Kxf1 g6 33. Kf2 Nb8
34. Ke3 Bc8 35. Be2 Nc6 36. Kd2 Bb7 37. Kc2 Ne7 38. Bd2 Nc8 39. Ba5 Ne7 40.
Bf3 Nf5 41. Kd3 Ne7 42. Bd2 Nc8 43. Ba5 Ne7 44. Bg4 Bc6 45. Bd2 Bb5+ 46. Kc3
a5 47. Bxg5 Ba6 48. Bxe7 Kxe7 49. Kb3 {#r} 1-0

[Event "IRT Memorial Antonio de Padua - ALEX 2016"]
[Site "Rio de Janeiro | BRA"]
[Date "2016.10.29"]
[Round "5.7"]
[White "De Deus Filho, Joaquim"]
[Black "Rodrigues, Nei Jorge"]
[Result "1-0"]
[WhiteElo "1954"]
[BlackElo "2036"]

1. Nc3 Nf6 2. e4 e5 3. Bc4 Bc5 4. Nf3 d6 5. h3 c6 6. O-O O-O 7. Bb3 b5 8. d3
a5 9. a3 Qb6 10. Bg5 Be6 11. Bxf6 gxf6 12. Nh4 Kh8 13. Qh5 Bxb3 14. Nf5 Be6
15. Qh6 {#r} 1-0

[Event "IRT Memorial Antonio de Padua - ALEX 2016"]
[Site "Rio de Janeiro | BRA"]
[Date "2016.10.29"]
[Round "5.9"]
[White "Mesquita, Arnaldo Leite"]
[Black "Zacarias, Rodrigo Medeiros"]
[Result "0-1"]
[WhiteElo "1725"]
[BlackElo "2112"]

1. c4 Nf6 2. Nc3 d5 3. e3 g6 4. cxd5 Nxd5 5. Bc4 Nxc3 6. bxc3 Bg7 7. Nf3 O-O
8. O-O c5 9. Ba3 Qa5 10. Qb3 b5 11. Bd5 Na6 12. d4 Rb8 13. Rab1 c4 14. Bb4 Qd8
15. Bxc4 bxc4 16. Qxc4 Nxb4 17. cxb4 Qb6 18. a4 Bf5 19. Rb2 Rfc8 20. Qe2 Qc6
21. h3 Qxa4 22. e4 Bd7 23. Ra2 Qxb4 24. Rxa7 Bb5 {#R} 0-1